00373nam a2200157Ia 45000010006000000050017000060080041000230410008000640820015000721000026000872450049001132600009001623000028001716500008001996540008002071053720260306161839.0260306t1994||||xx |||||||||||||| ||spa|| aESP a940.2bL25 aLarivaille, PauleAUT 0aLa vida cotidiana en la Italia de Maquiavelo c1994 a303 páginas :c18 cm. aGEN aCHU